[Event "72nd ch-ITA 2012"]
[Site "Torino ITA"]
[Date "2012.11.03"]
[Round "5"]
[White "De Filomeno, Simone"]
[Black "David, Alberto"]
[Result "0-1"]
[WhiteTitle "FM"]
[BlackTitle "GM"]
[WhiteElo "2356"]
[BlackElo "2590"]
[WhiteFideId "828688"]
[BlackFideId "4000013"]
[EventDate "2012.10.30"]

1. e4 c5 2. Nf3 e6 3. d4 cxd4 4. Nxd4 Nf6 5. Nc3 d6 6. Be2 Be7 7. O-O Nc6 8. Kh1
O-O 9. f4 a6 10. Bf3 Qc7 11. Be3 Re8 12. g4 Nxd4 13. Bxd4 Nd7 14. g5 Bf8 15. Bg2
b5 16. a3 Bb7 17. Rf3 g6 18. Rh3 e5 19. fxe5 dxe5 20. Bg1 Bg7 21. Qg4 Nf8 22.
Qh4 Rad8 23. Rf1 Rd2 24. b4 Qc4 25. Bc5 Rxc2 26. Nd1 Rxg2 27. Kxg2 Qxe4+ 28.
Qxe4 Bxe4+ 29. Kf2 Ne6 30. Be3 Nf4 31. Rg3 Rc8 32. Bd2 Bd3 33. Re1 Rc2 34. Ke3
e4 35. Kxf4 Rxd2 36. Ne3 Rf2+ 37. Kg4 Bc3 38. Rc1 Be5 39. Rc8+ Kg7 40. Nd5 Be2+
41. Kh3 Bf1+ 42. Kg4 h5+ 43. gxh6+ Kxh6 0-1

[Event "72nd ch-ITA 2012"]
[Site "Torino ITA"]
[Date "2012.11.03"]
[Round "5"]
[White "Rombaldoni, Denis"]
[Black "Altini, Nicola"]
[Result "1-0"]
[WhiteTitle "IM"]
[BlackTitle "FM"]
[WhiteElo "2511"]
[BlackElo "2354"]
[WhiteFideId "813575"]
[BlackFideId "833924"]
[EventDate "2012.10.30"]

1. d4 d5 2. Nf3 Nf6 3. Bf4 c5 4. e3 Nc6 5. Be2 e6 6. O-O Bd6 7. dxc5 Bxc5 8. c4
O-O 9. Nc3 Bb6 10. Qc2 Qe7 11. Rfd1 Rd8 12. a3 h6 13. Bg3 d4 14. exd4 Nxd4 15.
Nxd4 Bxd4 16. Nb5 e5 17. c5 Ne8 18. Rd2 Rd5 19. Nxd4 exd4 20. b4 Bf5 21. Qb3
Rdd8 22. Rad1 a5 23. h3 axb4 24. axb4 Rac8 25. Bc4 d3 26. Bxd3 Bxd3 27. Rxd3
Rxd3 28. Qxd3 Nf6 29. Qf3 Re8 30. Bd6 Qe4 31. Qxe4 Nxe4 32. Bc7 Nc3 33. Rd7 Na2
34. Ba5 Rb8 35. b5 Rc8 36. c6 bxc6 37. b6 Rb8 38. b7 Kh7 39. Bb6 1-0

[Event "72nd ch-ITA 2012"]
[Site "Torino ITA"]
[Date "2012.11.03"]
[Round "5"]
[White "Rombaldoni, Axel"]
[Black "Brunello, Sabino"]
[Result "0-1"]
[WhiteTitle "IM"]
[BlackTitle "GM"]
[WhiteElo "2446"]
[BlackElo "2591"]
[WhiteFideId "815837"]
[BlackFideId "813613"]
[EventDate "2012.10.30"]

1. e4 c6 2. c4 d5 3. exd5 cxd5 4. cxd5 Nf6 5. Nc3 Nxd5 6. Nf3 e6 7. d4 Bb4 8.
Qc2 Nc6 9. Be2 Nce7 10. O-O Bd7 11. a3 Bd6 12. Ne4 Bc6 13. Ne5 Rc8 14. Bd3 h6
15. Qe2 O-O 16. Ng3 Bxe5 17. dxe5 Ng6 18. f4 Qb6+ 19. Kh1 Qd4 20. Be4 Qa4 21.
Qg4 Nde7 22. Bxc6 Rxc6 23. b4 Rc2 24. Be3 Qc6 25. Rf2 Rxf2 26. Bxf2 b6 27. Re1
Rd8 28. f5 exf5 29. Nxf5 Nxf5 30. Qxf5 Rd2 31. e6 fxe6 32. Qxg6 Rxf2 33. Rd1 Qd5
34. Re1 Qc4 35. Kg1 Rf6 36. Qg3 Qd4+ 37. Kh1 Kh7 38. h3 e5 39. Qb3 e4 40. Qc2
Qd3 41. Qc1 Rf2 42. Kg1 0-1

[Event "72nd ch-ITA 2012"]
[Site "Torino ITA"]
[Date "2012.11.04"]
[Round "6"]
[White "Caprio, Guido"]
[Black "Garcia Palermo, Carlos"]
[Result "0-1"]
[WhiteTitle "IM"]
[BlackTitle "GM"]
[WhiteElo "2392"]
[BlackElo "2481"]
[WhiteFideId "834580"]
[BlackFideId "110124"]
[EventDate "2012.10.30"]

1. e4 e5 2. Nf3 Nc6 3. Bb5 a6 4. Ba4 Nf6 5. O-O Be7 6. Re1 b5 7. Bb3 d6 8. c3
O-O 9. h3 Nb8 10. d4 Nbd7 11. Nbd2 Bb7 12. Bc2 Re8 13. Nf1 Bf8 14. Ng3 g6 15. a4
c6 16. Bg5 h6 17. Be3 Bg7 18. Qd2 Kh7 19. Rad1 Qc7 20. axb5 axb5 21. dxe5 dxe5
22. Nh2 Rad8 23. Qc1 c5 24. b3 Nf8 25. Ng4 Ng8 26. f4 exf4 27. Bxf4 Qc6 28. Rxd8
Rxd8 29. Rf1 Re8 30. Rf2 h5 31. Ne5 Rxe5 32. Bxe5 Bxe5 33. Rxf7+ Bg7 34. Qf4 Ne6
35. Qb8 h4 36. Nf5 gxf5 37. Rxb7 Nf6 38. Re7 Ng5 39. Qf8 Nh5 40. e5 Kh6 41. Qxf5
c4 42. e6 Qb6+ 43. Kh2 Be5+ 44. g3 hxg3+ 45. Kh1 Qc6+ 46. Kg1 Nf3+ 47. Kf1 g2+
48. Ke2 Ng3+ 0-1

[Event "72nd ch-ITA 2012"]
[Site "Torino ITA"]
[Date "2012.11.04"]
[Round "6"]
[White "Bellini, Fabio"]
[Black "Rombaldoni, Axel"]
[Result "0-1"]
[WhiteTitle "IM"]
[BlackTitle "IM"]
[WhiteElo "2492"]
[BlackElo "2446"]
[WhiteFideId "800252"]
[BlackFideId "815837"]
[EventDate "2012.10.30"]

1. e4 e6 2. d4 d5 3. Nc3 Nf6 4. Bg5 Bb4 5. exd5 exd5 6. Bd3 h6 7. Bh4 O-O 8. Ne2
c6 9. a3 Bd6 10. Qd2 Re8 11. O-O-O b5 12. g4 a5 13. g5 Nh5 14. Bg3 Nxg3 15. hxg3
Qxg5 16. Qxg5 hxg5 17. Rh5 g6 18. Rxg5 Be7 19. Re5 Nd7 20. Re3 Bg5 21. Nf4 Rxe3
22. fxe3 Nf6 23. Kd2 Bg4 24. Rh1 Kg7 25. a4 b4 26. Nd1 Bxd1 27. Rxd1 Rh8 28. Re1
Kf8 29. Ke2 Rh2+ 30. Kf3 Ke7 31. Re2 Rh1 32. b3 Bh6 33. Kg2 Rc1 34. Nh3 Ne4 35.
Bxe4 dxe4 36. g4 f5 37. gxf5 gxf5 38. Nf2 Kf6 39. Nh3 Ke6 40. Nf2 Kd5 41. Nh1
Bxe3 42. Rxe3 f4 43. Rh3 Rxc2+ 44. Kg1 e3 0-1

[Event "72nd ch-ITA 2012"]
[Site "Torino ITA"]
[Date "2012.11.04"]
[Round "6"]
[White "Dvirnyy, Daniyyl"]
[Black "Altini, Nicola"]
[Result "1-0"]
[WhiteTitle "IM"]
[BlackTitle "FM"]
[WhiteElo "2522"]
[BlackElo "2354"]
[WhiteFideId "817570"]
[BlackFideId "833924"]
[EventDate "2012.10.30"]

1. c4 e5 2. Nc3 Nf6 3. Nf3 Nc6 4. g3 Bc5 5. Bg2 d6 6. d3 h6 7. O-O O-O 8. a3 a6
9. b4 Ba7 10. Bb2 Be6 11. h3 Ne7 12. Kh2 Ng6 13. Qc2 c6 14. Rad1 d5 15. Na4 Nd7
16. e4 d4 17. c5 Bb8 18. Bc1 f5 19. exf5 Rxf5 20. Nd2 Qf6 21. Kg1 Qf7 22. Rde1
Rh5 23. Qd1 Rxh3 24. Ne4 Bc7 25. Nb2 Nf6 26. Nc4 Nd5 27. f3 Nc3 28. Nxc3 dxc3
29. Bxh3 Bxh3 30. Rf2 Rd8 31. Qc2 Bf5 32. Rd1 Ne7 33. Qxc3 Qg6 34. g4 Nd5 35.
Qe1 h5 36. Rg2 hxg4 37. fxg4 Bxd3 38. Nxe5 Bxe5 39. Qxe5 Re8 40. Qg5 Qe4 41. Bb2
Re7 42. Rf2 Bc4 43. Rdd2 Qb1+ 44. Kh2 Qh7+ 45. Kg3 Qe4 46. Qf5 Qe1 47. Kh2 Qe6
48. Qxe6+ Rxe6 49. Kg3 Re8 50. Kh4 Re7 51. Rf5 Be2 52. Re5 Rxe5 53. Bxe5 Bf3 54.
Kg5 Be4 55. Bb2 Bb1 56. Re2 Kf7 57. Rf2+ Kg8 58. Be5 Bd3 59. Kh4 Bg6 60. Bd6 Bf7
61. Kg3 Nc3 62. Kf4 Nb5 63. Rf3 Be6 64. Rg3 Nd4 65. Ke5 Ne2 66. Ke4 1-0

[Event "72nd ch-ITA 2012"]
[Site "Torino ITA"]
[Date "2012.11.04"]
[Round "6"]
[White "Godena, Michele"]
[Black "Genocchio, Daniele"]
[Result "1-0"]
[WhiteTitle "GM"]
[BlackTitle "IM"]
[WhiteElo "2526"]
[BlackElo "2443"]
[WhiteFideId "800090"]
[BlackFideId "806463"]
[EventDate "2012.10.30"]

1. e4 e5 2. Nf3 Nc6 3. Nc3 Nf6 4. d4 exd4 5. Nxd4 Bb4 6. Nxc6 bxc6 7. Bd3 O-O 8.
O-O d5 9. exd5 cxd5 10. h3 Rb8 11. Qf3 c6 12. Bf4 Bd6 13. b3 Be6 14. Ne2 c5 15.
Rad1 a5 16. Rfe1 Rb6 17. Bd2 Rb8 18. Bg5 h6 19. Bh4 Rb4 20. c4 d4 21. Nf4 Bxf4
22. Qxf4 Re8 23. Re5 Qe7 24. Bxf6 Qxf6 25. Qxf6 gxf6 26. Rxc5 a4 27. Bc2 Rd8 28.
Rb5 axb3 29. Bxb3 Rxb5 30. cxb5 Bxb3 31. axb3 Kf8 32. b6 1-0

[Event "72nd ch-ITA 2012"]
[Site "Torino ITA"]
[Date "2012.11.06"]
[Round "7"]
[White "Altini, Nicola"]
[Black "David, Alberto"]
[Result "0-1"]
[WhiteTitle "FM"]
[BlackTitle "GM"]
[WhiteElo "2354"]
[BlackElo "2590"]
[WhiteFideId "833924"]
[BlackFideId "4000013"]
[EventDate "2012.10.30"]

1. d4 Nf6 2. c4 b6 3. Nf3 Bb7 4. Nc3 e6 5. Qc2 Bb4 6. a3 Bxc3+ 7. Qxc3 d6 8. g3
Nbd7 9. Bg2 c5 10. O-O Rc8 11. b3 O-O 12. Bb2 d5 13. Rfd1 Qe7 14. Rac1 dxc4 15.
bxc4 cxd4 16. Qxd4 Nc5 17. Qh4 Rfd8 18. Ne5 Bxg2 19. Ng4 Nd5 20. Qh5 Be4 21.
cxd5 exd5 22. Ne3 Qe6 23. Qg5 f6 24. Qf4 Rf8 25. g4 Rcd8 26. h4 Rfe8 27. h5 h6
28. Bd4 Qe7 29. Bxc5 bxc5 30. Rd2 d4 31. Nf5 Qb7 32. Rxc5 Qb1+ 33. Kh2 Qh1+ 34.
Kg3 0-1

[Event "72nd ch-ITA 2012"]
[Site "Torino ITA"]
[Date "2012.11.06"]
[Round "7"]
[White "Garcia Palermo, Carlos"]
[Black "Godena, Michele"]
[Result "1-0"]
[WhiteTitle "GM"]
[BlackTitle "GM"]
[WhiteElo "2481"]
[BlackElo "2526"]
[WhiteFideId "110124"]
[BlackFideId "800090"]
[EventDate "2012.10.30"]

1. d4 d5 2. c4 c6 3. e3 Nf6 4. Nf3 Bg4 5. Nc3 e6 6. Qb3 Qc7 7. Ne5 Bh5 8. Bd2
Nbd7 9. Rc1 Nxe5 10. dxe5 dxc4 11. Bxc4 Nd7 12. f4 Be7 13. Ne4 O-O 14. Bb4 c5
15. Bb5 Bg6 16. Ng3 a6 17. Be2 b5 18. Bd2 c4 19. Qc3 Nc5 20. b3 Rad8 21. Qa5 Qd7
22. bxc4 Nd3+ 23. Bxd3 Bxd3 24. cxb5 Bxb5 25. Bb4 Rc8 26. Kf2 h5 27. Rhd1 Rc2+
28. Rxc2 Qxd1 29. Rd2 Bxb4 30. Qxb4 Qa1 31. Qb2 Qxb2 32. Rxb2 h4 33. Ne4 Rc8 34.
Nd6 Rc1 35. Nxb5 axb5 36. h3 Rc3 37. Kf3 Ra3 38. Re2 Kh7 39. Kg4 Kg6 40. e4 f6
41. exf6 gxf6 42. f5+ exf5+ 43. exf5+ Kh6 44. Kxh4 Ra4+ 45. g4 Ra3 46. Re6 1-0

[Event "72nd ch-ITA 2012"]
[Site "Torino ITA"]
[Date "2012.11.06"]
[Round "7"]
[White "Rombaldoni, Denis"]
[Black "Brunello, Sabino"]
[Result "1-0"]
[WhiteTitle "IM"]
[BlackTitle "GM"]
[WhiteElo "2511"]
[BlackElo "2591"]
[WhiteFideId "813575"]
[BlackFideId "813613"]
[EventDate "2012.10.30"]

1. d4 d5 2. c4 c6 3. Nc3 Nf6 4. cxd5 cxd5 5. Bf4 Nc6 6. e3 a6 7. Bd3 Bg4 8. Nge2
e6 9. Rc1 Bd6 10. f3 Bh5 11. g4 Bg6 12. g5 Bxd3 13. Qxd3 Ng8 14. Bxd6 Qxd6 15.
Kf2 Nge7 16. f4 f6 17. gxf6 gxf6 18. a3 e5 19. b4 e4 20. Qd1 h5 21. Qb3 b5 22.
Nb1 Nd8 23. a4 bxa4 24. Qxa4+ Kf7 25. Nbc3 Ne6 26. Qb3 f5 27. Na4 Rab8 28. Nc5
Ng6 29. Nxe6 Qxe6 30. Rhg1 Rb6 31. Nc3 Ne7 32. Na4 Rb5 33. Nc5 Qd6 34. Ra1 Rb6
35. Rg5 Rhb8 36. Qd1 Rh8 37. Qg1 Rxb4 38. Rxa6 Rb2+ 39. Kg3 Rb6 40. Ra7 Qb8 41.
Rxe7+ Kxe7 42. Rg7+ Ke8 43. Kh3 Qd6 44. Qa1 Rh6 45. Qa8+ Rb8 46. Qxb8+ Qxb8 47.
Rg8+ 1-0

[Event "72nd ch-ITA 2012"]
[Site "Torino ITA"]
[Date "2012.11.06"]
[Round "7"]
[White "Rombaldoni, Axel"]
[Black "Caprio, Guido"]
[Result "1-0"]
[WhiteTitle "IM"]
[BlackTitle "IM"]
[WhiteElo "2446"]
[BlackElo "2392"]
[WhiteFideId "815837"]
[BlackFideId "834580"]
[EventDate "2012.10.30"]

1. d4 Nf6 2. c4 e6 3. g3 d5 4. Bg2 dxc4 5. Nf3 a6 6. O-O Nc6 7. Nbd2 Nxd4 8.
Nxc4 Nxf3+ 9. Bxf3 Qxd1 10. Rxd1 Be7 11. Na5 Nd5 12. e4 Nb6 13. Bf4 c6 14. Rd3
Nd7 15. Rad1 e5 16. Be3 Nf6 17. Nc4 Be6 18. Nxe5 Bxa2 19. b3 O-O 20. Ra1 1-0

[Event "72nd ch-ITA 2012"]
[Site "Torino ITA"]
[Date "2012.11.06"]
[Round "7"]
[White "Genocchio, Daniele"]
[Black "Dvirnyy, Daniyyl"]
[Result "0-1"]
[WhiteTitle "IM"]
[BlackTitle "IM"]
[WhiteElo "2443"]
[BlackElo "2522"]
[WhiteFideId "806463"]
[BlackFideId "817570"]
[EventDate "2012.10.30"]

1. e4 e6 2. d4 d5 3. Nc3 Bb4 4. a3 Bxc3+ 5. bxc3 dxe4 6. Qg4 Nf6 7. Qxg7 Rg8 8.
Qh6 Nbd7 9. a4 c5 10. a5 Nd5 11. Qd2 N7f6 12. g3 Bd7 13. c4 Ne7 14. Bb2 Nf5 15.
d5 Qe7 16. O-O-O e5 17. f3 Nd4 18. fxe4 Nxe4 19. Qe1 f5 20. Bd3 O-O-O 21. Kb1
Rg6 22. Nh3 Ba4 23. Bxe4 fxe4 24. Rc1 Rf8 25. Nf2 e3 26. Qxe3 Rf3 27. Qe1 b6 28.
Ne4 Bd7 29. axb6 Rxb6 30. Qa5 Bf5 31. Nxc5 Nb3 32. Nxb3 Rfxb3 33. c5 Rxb2+ 34.
Ka1 R2b5 0-1

[Event "72nd ch-ITA 2012"]
[Site "Torino ITA"]
[Date "2012.11.06"]
[Round "7"]
[White "De Filomeno, Simone"]
[Black "Bellini, Fabio"]
[Result "1/2-1/2"]
[WhiteTitle "FM"]
[BlackTitle "IM"]
[WhiteElo "2356"]
[BlackElo "2492"]
[WhiteFideId "828688"]
[BlackFideId "800252"]
[EventDate "2012.10.30"]

1. e4 e5 2. Nf3 Nc6 3. Bb5 a6 4. Ba4 Nf6 5. O-O Be7 6. Re1 b5 7. Bb3 d6 8. c3
O-O 9. h3 Na5 10. Bc2 c5 11. d4 Nd7 12. Nbd2 Bf6 13. dxc5 dxc5 14. Nf1 Nb6 15.
Ne3 Qxd1 16. Rxd1 h5 17. Nd5 Nxd5 18. Rxd5 Nb7 19. Nxe5 Be6 20. Nd7 Bxd5 21.
Nxf8 Re8 22. Nd7 Bxe4 23. Nxf6+ gxf6 24. Bd1 Bg6 25. Be3 Nd6 26. Bf3 Nc4 27.
Bxc5 Nxb2 28. Bd4 Re6 29. h4 Kg7 30. Kh2 Nd3 31. Rg1 Ne5 32. Bd1 Nc6 33. Be3 Re4
34. g4 hxg4 35. Rxg4 Ne5 36. Rxe4 Bxe4 37. Kg3 Nc4 38. Bd4 a5 39. Be2 Bd5 40.
Bc5 Nd2 41. Kf4 Nb1 42. Bd4 Na3 43. Bb6 b4 44. Bxa5 bxc3 45. Bxc3 Bxa2 46. Ke4
Nc4 47. Kd4 Nd6 48. Bd3 Be6 49. Kc5 Bf5 50. Kxd6 1/2-1/2

[Event "72nd ch-ITA 2012"]
[Site "Torino ITA"]
[Date "2012.11.07"]
[Round "8"]
[White "Genocchio, Daniele"]
[Black "Garcia Palermo, Carlos"]
[Result "0-1"]
[WhiteTitle "IM"]
[BlackTitle "GM"]
[WhiteElo "2443"]
[BlackElo "2481"]
[WhiteFideId "806463"]
[BlackFideId "110124"]
[EventDate "2012.10.30"]

1. e4 e5 2. Nf3 Nc6 3. Bc4 Bc5 4. c3 d6 5. d4 exd4 6. cxd4 Bb6 7. Nc3 Nf6 8. O-O
O-O 9. d5 Ne7 10. h3 Ng6 11. Kh2 c6 12. Bd3 Re8 13. Bc2 Bd7 14. Bd2 Rc8 15. Rc1
a6 16. Bb1 Ba7 17. b4 b5 18. Bd3 h6 19. a3 Qe7 20. g3 cxd5 21. exd5 Ne5 22. Bf4
Qd8 23. Bb1 Nc4 24. a4 bxa4 25. Nxa4 Rc7 26. Nc3 Qc8 27. g4 Na3 28. Qd2 Nxb1 29.
Nxb1 Ne4 30. Rxc7 Nxd2 31. Rxc8 Nxf1+ 0-1

[Event "72nd ch-ITA 2012"]
[Site "Torino ITA"]
[Date "2012.11.07"]
[Round "8"]
[White "Brunello, Sabino"]
[Black "Altini, Nicola"]
[Result "1/2-1/2"]
[WhiteTitle "GM"]
[BlackTitle "FM"]
[WhiteElo "2591"]
[BlackElo "2354"]
[WhiteFideId "813613"]
[BlackFideId "833924"]
[EventDate "2012.10.30"]

1. d4 d5 2. c4 c6 3. Nf3 Nf6 4. Nc3 dxc4 5. a4 Bf5 6. Ne5 Nbd7 7. Nxc4 Nb6 8.
Ne5 a5 9. Bg5 h6 10. Bh4 e6 11. e4 Bh7 12. f3 Be7 13. Bf2 O-O 14. Be2 Nfd7 15.
Nd3 Rc8 16. O-O c5 17. dxc5 Nxc5 18. Nxc5 Bxc5 19. Bxc5 Rxc5 20. Qxd8 Rxd8 21.
Rfd1 Rcc8 22. Rab1 f5 23. Rxd8+ Rxd8 24. b4 fxe4 25. bxa5 exf3 26. Rxb6 fxe2 27.
Rxe6 Bd3 28. Nxe2 Ra8 29. Nf4 Bc4 30. Re5 Bb3 31. Nd5 Bxa4 32. Nb6 Re8 33. Rc5
Bc6 34. Kf2 Rf8+ 35. Kg3 Rf6 36. Nd5 Rg6+ 37. Kf2 Kh7 38. Ne3 Rd6 39. Ke2 Be4
40. Nf5 Re6 41. Nd4 Rd6 42. Nf5 Re6 43. Nd4 Rd6 44. Nf5 1/2-1/2

[Event "72nd ch-ITA 2012"]
[Site "Torino ITA"]
[Date "2012.11.07"]
[Round "8"]
[White "Caprio, Guido"]
[Black "De Filomeno, Simone"]
[Result "1-0"]
[WhiteTitle "IM"]
[BlackTitle "FM"]
[WhiteElo "2392"]
[BlackElo "2356"]
[WhiteFideId "834580"]
[BlackFideId "828688"]
[EventDate "2012.10.30"]

1. c4 c5 2. Nf3 g6 3. e4 Bg7 4. d4 cxd4 5. Nxd4 Nc6 6. Nc2 d6 7. Be2 Nf6 8. Nc3
Nd7 9. Bd2 Nc5 10. O-O O-O 11. b4 Ne6 12. Rc1 a5 13. a3 axb4 14. axb4 Ned4 15.
Nxd4 Nxd4 16. Be3 Nxe2+ 17. Qxe2 Be6 18. Rfd1 Qc8 19. Nd5 Bxd5 20. exd5 Qf5 21.
c5 dxc5 22. Bxc5 Rfd8 23. g4 Qd7 24. Bxe7 Re8 25. d6 Rac8 26. h3 Bh6 27. Rxc8
Rxc8 28. g5 Bf8 29. Qg4 1-0

[Event "72nd ch-ITA 2012"]
[Site "Torino ITA"]
[Date "2012.11.08"]
[Round "9"]
[White "Rombaldoni, Axel"]
[Black "Genocchio, Daniele"]
[Result "1/2-1/2"]
[WhiteTitle "IM"]
[BlackTitle "IM"]
[WhiteElo "2446"]
[BlackElo "2443"]
[WhiteFideId "815837"]
[BlackFideId "806463"]
[EventDate "2012.10.30"]

1. e4 e5 2. Nf3 Nc6 3. Bb5 Nf6 4. d3 d6 5. O-O Bd7 6. Re1 a6 7. Ba4 g6 8. d4 b5
9. dxe5 dxe5 10. Bb3 Bg7 11. Be3 Qe7 12. Nc3 Na5 13. Nd5 Nxd5 14. Qxd5 c6 15.
Qd2 Nxb3 16. axb3 O-O 17. b4 Rfd8 18. Bb6 Rdb8 19. Bc5 Qe8 20. h3 f6 21. Red1
Be6 22. Qc3 Rd8 23. b3 Rd7 24. Rxd7 Qxd7 25. Qd2 Qxd2 26. Nxd2 Rd8 27. Nf3 Bc8
28. Ne1 f5 29. f3 Rd2 30. Kf1 Bh6 31. Bf2 Kf7 32. Ra2 Rd1 33. Ke2 Rd2+ 34. Kf1
Rd1 35. g4 Bf4 36. Kg2 h5 37. gxf5 gxf5 38. Nd3 Rd2 39. Nxf4 exf4 40. exf5 Bxf5
41. Rxa6 Rxc2 42. h4 Be6 43. Ra7+ Kg6 44. Re7 Bd5 45. Re5 Rc3 46. Rg5+ Kh6 47.
Bc5 Bxf3+ 48. Kf2 Bg4 49. Bf8+ Kh7 50. Rc5 Rf3+ 51. Kg1 Rg3+ 52. Kf2 Rf3+ 53.
Kg1 Rxb3 54. Rxc6 Rb1+ 55. Kf2 Rb2+ 56. Kg1 f3 57. Rf6 Rc2 58. Rf4 Kg6 59. Bc5
Rc1+ 60. Kf2 Rh1 61. Be7 Rh2+ 62. Kg1 Rg2+ 63. Kf1 Re2 64. Bc5 Bh3+ 65. Kg1 Rg2+
66. Kh1 Bg4 67. Bf8 Rg3 68. Bc5 Rg2 69. Bf8 Re2 70. Kg1 Re1+ 71. Kf2 Re8 72. Bc5
Re2+ 73. Kg1 Re1+ 74. Kf2 Rh1 75. Be7 Rh2+ 76. Kg1 Rg2+ 77. Kf1 1/2-1/2

[Event "72nd ch-ITA 2012"]
[Site "Torino ITA"]
[Date "2012.11.08"]
[Round "9"]
[White "David, Alberto"]
[Black "Brunello, Sabino"]
[Result "1/2-1/2"]
[WhiteTitle "GM"]
[BlackTitle "GM"]
[WhiteElo "2590"]
[BlackElo "2591"]
[WhiteFideId "4000013"]
[BlackFideId "813613"]
[EventDate "2012.10.30"]

1. e4 c6 2. d4 d5 3. Nc3 dxe4 4. Nxe4 Bf5 5. Ng3 Bg6 6. h4 h6 7. Nf3 Nd7 8. h5
Bh7 9. Bd3 Bxd3 10. Qxd3 e6 11. Bd2 a5 12. O-O-O Bb4 13. Ne4 Ngf6 14. Nxf6+ Nxf6
15. Ne5 Bxd2+ 16. Qxd2 O-O 17. g4 a4 18. Rhg1 Qa5 19. c3 Nh7 1/2-1/2

[Event "72nd ch-ITA 2012"]
[Site "Torino ITA"]
[Date "2012.11.08"]
[Round "9"]
[White "Garcia Palermo, Carlos"]
[Black "Dvirnyy, Daniyyl"]
[Result "1/2-1/2"]
[WhiteTitle "GM"]
[BlackTitle "IM"]
[WhiteElo "2481"]
[BlackElo "2522"]
[WhiteFideId "110124"]
[BlackFideId "817570"]
[EventDate "2012.10.30"]

1. d4 d5 2. c4 c6 3. e3 Nf6 4. Nf3 Bf5 5. Nc3 e6 6. Nh4 Be4 7. f3 Bg6 8. Qb3 Qc7
9. Bd2 Be7 10. Nxg6 hxg6 11. O-O-O dxc4 12. Bxc4 b5 13. Bd3 a6 14. Qc2 Nbd7 15.
g4 c5 16. g5 cxd4 17. exd4 Nd5 18. Nxd5 Qxc2+ 19. Kxc2 exd5 20. Rde1 Nb8 21. Re5
Nc6 22. Rxd5 Rd8 23. Rxd8+ Kxd8 24. Be3 Nb4+ 25. Kd2 Nd5 26. Be4 Nxe3 27. Kxe3
Bxg5+ 28. Kd3 Kd7 29. a4 f5 30. Bb7 Rh4 31. Bxa6 bxa4 32. Ra1 Rxh2 33. Bb5+ Kc7
34. Rxa4 Rxb2 35. Kc4 Bf6 36. Ra7+ Kd6 37. Ra6+ Kc7 38. d5 Rc2+ 39. Kd3 Rc3+ 40.
Kd2 Rc5 41. Rc6+ Rxc6 1/2-1/2

[Event "72nd ch-ITA 2012"]
[Site "Torino ITA"]
[Date "2012.11.08"]
[Round "9"]
[White "Rombaldoni, Denis"]
[Black "Caprio, Guido"]
[Result "0-1"]
[WhiteTitle "IM"]
[BlackTitle "IM"]
[WhiteElo "2511"]
[BlackElo "2392"]
[WhiteFideId "813575"]
[BlackFideId "834580"]
[EventDate "2012.10.30"]

1. d4 Nf6 2. Nf3 e6 3. e3 b6 4. Bd3 Bb7 5. Nbd2 d5 6. O-O Bd6 7. b3 O-O 8. Bb2
c5 9. Ne5 Nbd7 10. f4 cxd4 11. exd4 Ne4 12. Qe2 f5 13. Ndf3 Qe7 14. a4 Bb4 15.
a5 bxa5 16. Nxd7 Qxd7 17. c4 dxc4 18. bxc4 Rfd8 19. Qc2 Rac8 20. Ne5 Qe7 21.
Rad1 a4 22. Bxe4 Bxe4 23. Qxa4 Bd6 24. Rf2 Rc7 25. c5 Bxe5 26. dxe5 Rxd1+ 27.
Qxd1 Qxc5 28. Qd8+ Kf7 29. Ba3 Qb6 30. Qf8+ Kg6 31. Qd6 Rc6 32. Qb4 Rc1+ 0-1

[Event "72nd ch-ITA 2012"]
[Site "Torino ITA"]
[Date "2012.11.08"]
[Round "9"]
[White "Altini, Nicola"]
[Black "Bellini, Fabio"]
[Result "1/2-1/2"]
[WhiteTitle "FM"]
[BlackTitle "IM"]
[WhiteElo "2354"]
[BlackElo "2492"]
[WhiteFideId "833924"]
[BlackFideId "800252"]
[EventDate "2012.10.30"]

1. d4 e6 2. c4 b6 3. Nf3 Bb7 4. g3 Bb4+ 5. Bd2 Bxf3 6. exf3 Bxd2+ 7. Qxd2 Nf6 8.
Bg2 O-O 9. O-O d5 10. cxd5 Nxd5 11. Nc3 c6 12. Rac1 a6 13. f4 g6 14. Rfe1 Ra7
15. Nxd5 cxd5 16. h4 Nd7 17. Qb4 Rc7 18. Bf1 a5 19. Qd6 Rxc1 20. Rxc1 Nf6 21.
Qc6 Qb8 22. Bd3 Rd8 23. f5 Kg7 24. fxg6 hxg6 25. Qc7 Qxc7 26. Rxc7 Ne4 27. Kg2
Kf6 28. f3 Nd6 29. Rc6 b5 30. Kf2 Ke7 31. Ra6 a4 32. g4 Rc8 33. Ra7+ Kf6 34. Ra6
Ke7 35. Ra7+ Kf6 36. Ra6 Ke7 1/2-1/2

[Event "72nd ch-ITA 2012"]
[Site "Torino ITA"]
[Date "2012.11.08"]
[Round "9"]
[White "De Filomeno, Simone"]
[Black "Godena, Michele"]
[Result "1/2-1/2"]
[WhiteTitle "FM"]
[BlackTitle "GM"]
[WhiteElo "2356"]
[BlackElo "2526"]
[WhiteFideId "828688"]
[BlackFideId "800090"]
[EventDate "2012.10.30"]

1. e4 e5 2. Nf3 Nc6 3. Bc4 Nf6 4. Ng5 d5 5. exd5 Na5 6. Bb5+ Bd7 7. Qe2 Be7 8.
Nc3 Bxb5 9. Qxb5+ c6 10. dxc6 Nxc6 11. O-O O-O 12. a3 Nd4 13. Qd3 Rc8 14. b4 Qd7
15. Nf3 Rfd8 16. Nxd4 exd4 17. Ne2 Qa4 18. Nxd4 Bxb4 19. Qb3 Qxb3 20. Nxb3 Bf8
21. Ra2 Nd5 22. g3 Rc4 23. Re1 b5 24. c3 a6 25. Kg2 h5 1/2-1/2

[Event "72nd ch-ITA 2012"]
[Site "Torino ITA"]
[Date "2012.11.09"]
[Round "10"]
[White "Godena, Michele"]
[Black "Rombaldoni, Denis"]
[Result "1-0"]
[WhiteTitle "GM"]
[BlackTitle "IM"]
[WhiteElo "2526"]
[BlackElo "2511"]
[WhiteFideId "800090"]
[BlackFideId "813575"]
[EventDate "2012.10.30"]

1. e4 d6 2. d4 Nf6 3. Bd3 e5 4. Nf3 exd4 5. Nxd4 g6 6. O-O Bg7 7. Bg5 h6 8. Bh4
O-O 9. c3 c5 10. Nf3 Nc6 11. Nbd2 Be6 12. Re1 g5 13. Bg3 Nh5 14. Bc4 Na5 15.
Bxe6 fxe6 16. Nb3 Nxg3 17. Nxa5 Qxa5 18. hxg3 Qc7 19. Qd3 Rad8 20. Rad1 Qd7 21.
Qe3 Qc6 22. Re2 b5 23. b4 g4 24. Nh2 h5 25. Qg5 cxb4 26. cxb4 Qc4 27. Rde1 Qxb4
28. Qxh5 Qc5 29. Qxg4 Rf6 30. e5 dxe5 31. Nf3 Rd5 32. Ng5 Qc8 33. Qh5 Rh6 34.
Qf7+ Kh8 35. Rc2 Qd8 36. Nxe6 1-0